01889njm a2200265Ia 4500001000600000003000900006005001700015008004100032040001300073040001300086100001100099100001800110100003800128245002000166250001100186260001100197260003800208300001700246300003000263500043200293505072400725511006701449650005201516700005501568H1494IT-RoPAU20220918181153.0131025s9999 xx 000 0 und d aIT-RoPAU cIT-RoPAU aAA.VV. eAutore musica gCodice autore musica SPICS: 12000 aSplasc(h) Story a1a ed. aMILANO bHACHETTE RUSCONIc2002 [1a Ed.:0] aCOMPACT DISC c75 minuti (Testo: 0 pag.) aMusica jazz. Cd fuori commercio, allegato al n. 11 2002 della rivista "Musica jazz" (Cod. H1492). Questo compact disc traccia un percorso attraverso i 20 anni di attività della Splasc(H), l'etichetta che con il maggior impegno e il più ampio angolo di osservazione ha accompagnato la crescita del jazz italiano; dal 1982 ad oggi oltre 500 Titoli. Qui vengono riportati 13 titoli. Vedi inserto in "Musica jazz" (Cod. H1492). aHappy Accordion (Antonello Salis, Milano 1987, 4:21) - Bye Ya (Thelonious Monk, Milano 1992, 5:00) - South Africa February Dance (Stefano Battaglia, Milano1990, 4:45) - Zingaro (Antonio Carlos Jobim, Roma 1987, 6:12) - B (Schiano-Schiaffini-Melis- Moye, Roma 1991, 4:50) - Times For Peace (Daniele Cavallanti, Milano 1993, 7:49) - Sing Sing (Enrico Fazio, Milano 1990, 4:13) - Tema del vento (Ettore Fioravanti, Vigatto-Parma 2000, 5:55) - Desireless (Don Cherry, Milano 1996, 8:26) - The Woodpecker (Guido Manusardi, Hollywood 2000, 11:52) - Tzukulikatà (Carlos Actis Dato, Lessolo 1997, 4:40) - We Free Kings (John Henry Hopkins, New York 2001, 4:19) - Una muy bonita (Ornette Coleman-M. Guryan, Milano 1992, 2:03). aAntonello Salis, Stefano Battaglia, Pietro Tonolo, Tiz. Tononi aJAZZ [COMPACT DISC]eCodice MATERIA SPICS: 9949 aAA.VV.gCodice interprete SPICS: 12000eInterprete